[Event "PokerStars IoM Masters 2014"]
[Site "Douglas ENG"]
[Date "2014.10.08"]
[Round "5.9"]
[White "Merry, Alan B"]
[Black "Fressinet, Laurent"]
[Result "0-1"]
[WhiteTitle "FM"]
[BlackTitle "GM"]
[WhiteElo "2269"]
[BlackElo "2713"]
[WhiteFideId "418811"]
[BlackFideId "608742"]
[EventDate "2014.10.04"]

1. e4 c5 2. f4 d5 3. exd5 Nf6 4. Bb5+ Nbd7 5. c4 a6 6. Bxd7+ Bxd7 7. Nf3 e6 8.
Qe2 Be7 9. dxe6 Bxe6 10. b3 Qc7 11. Ne5 O-O-O 12. Bb2 Rhe8 13. Nc3 Bd6 14. O-O
g5 15. Na4 gxf4 16. Rxf4 Nd7 17. Re4 f5 18. Re3 f4 19. Nxd7 Bxd7 20. Rxe8 Rxe8
21. Qh5 Bc6 22. Nc3 Qg7 23. Qh3+ Kb8 24. Na4 Qg5 25. Rf1 f3 26. g3 Qxd2 27. Bg7
f2+ 28. Rxf2 Re1+ 29. Rf1 Qe3# 0-1

[Event "PokerStars IoM Masters 2014"]
[Site "Douglas ENG"]
[Date "2014.10.08"]
[Round "5.10"]
[White "Hebden, Mark L"]
[Black "Shvayger, Yuliya"]
[Result "1/2-1/2"]
[WhiteTitle "GM"]
[BlackTitle "WIM"]
[WhiteElo "2540"]
[BlackElo "2306"]
[WhiteFideId "400084"]
[BlackFideId "14100126"]
[EventDate "2014.10.04"]

1. d4 Nf6 2. Nf3 g6 3. Nc3 d5 4. Bf4 c6 5. h3 Nbd7 6. e3 Bg7 7. Bd3 O-O 8. O-O
b5 9. Ne5 Bb7 10. Bh2 a6 11. b4 a5 12. a3 e6 13. Ne2 Qe7 14. c3 Nb6 15. Qc2 Ne8
16. e4 Nd6 17. f3 f6 18. Ng4 Ndc4 19. Rfe1 dxe4 20. fxe4 e5 21. Bg3 Bc8 22. Nh2
Be6 23. Nf3 Ra6 24. Bf2 Rfa8 25. dxe5 fxe5 26. Bc5 Qe8 27. Ng5 axb4 28. cxb4
Rxa3 29. Rxa3 Rxa3 30. Nc1 h6 1/2-1/2

[Event "PokerStars IoM Masters 2014"]
[Site "Douglas ENG"]
[Date "2014.10.08"]
[Round "5.11"]
[White "L'Ami, Alina"]
[Black "Harika, Dronavalli"]
[Result "1/2-1/2"]
[WhiteTitle "IM"]
[BlackTitle "GM"]
[WhiteElo "2386"]
[BlackElo "2528"]
[WhiteFideId "1210246"]
[BlackFideId "5015197"]
[EventDate "2014.10.04"]

1. d4 e6 2. c4 Bb4+ 3. Bd2 Bxd2+ 4. Qxd2 Nf6 5. Nc3 O-O 6. e4 d5 7. e5 Ne4 8.
Nxe4 dxe4 9. O-O-O b5 10. c5 a6 11. f3 Bb7 12. h4 f6 13. exf6 Qxf6 14. Be2 Bd5
15. fxe4 Bxe4 16. Bf3 Qf5 17. Bxe4 Qxe4 18. Nf3 Qd5 19. Kb1 Nc6 20. Rhe1 Rae8
21. Ne5 Rd8 22. Nxc6 Qxc6 23. Re5 Rd5 24. Ree1 Rdd8 25. Re5 Rd5 26. Ree1 Rdd8
27. Re5 1/2-1/2

[Event "PokerStars IoM Masters 2014"]
[Site "Douglas ENG"]
[Date "2014.10.08"]
[Round "5.12"]
[White "Popilski, Gil"]
[Black "Wallis, Christopher"]
[Result "1-0"]
[WhiteTitle "GM"]
[BlackTitle "FM"]
[WhiteElo "2493"]
[BlackElo "2347"]
[WhiteFideId "2809060"]
[BlackFideId "3204839"]
[EventDate "2014.10.04"]

1. e4 e5 2. Nf3 Nc6 3. d4 exd4 4. Nxd4 Nf6 5. Nc3 Bb4 6. Nxc6 bxc6 7. Bd3 d5 8.
exd5 cxd5 9. Qe2+ Be7 10. O-O O-O 11. Bf4 c6 12. Na4 Bg4 13. Qe3 Re8 14. h3 Bh5
15. Qd4 Nd7 16. Rfe1 Nf8 17. Bf5 Bg6 18. Bxg6 hxg6 19. Be5 Ne6 20. Qg4 Bd6 21.
Rad1 Rb8 22. b3 Bxe5 23. Rxe5 Qd6 24. Rde1 Qa3 25. Qg3 Rb7 26. Qc3 Qd6 27. Nc5
Rbe7 28. Nd3 c5 29. Qa5 f6 30. R5e3 Kf7 31. c3 g5 32. Qa4 d4 33. cxd4 Qxd4 34.
Qb5 Qd6 35. Qc4 Kf8 36. g3 Nd4 37. Rxe7 Rxe7 38. Rxe7 Kxe7 39. Nxc5 Qe5 40. Kf1
Kd6 41. Nb7+ Kd7 42. a4 f5 43. b4 f4 44. Nc5+ Ke8 45. Qd3 fxg3 46. Qxg3 Qd5 47.
Qb8+ Kf7 48. Qxa7+ Kg6 49. Qb7 Nc6 50. Qd7 Qh1+ 51. Ke2 Nxb4 52. Qe6+ Kh7 53.
Qf5+ g6 54. Qd7+ Kg8 55. Qd8+ Kh7 56. Qc7+ Kh6 57. Qb8 g4 58. Qh8+ Kg5 59. Ne6+
Kf5 60. hxg4+ 1-0

[Event "PokerStars IoM Masters 2014"]
[Site "Douglas ENG"]
[Date "2014.10.08"]
[Round "5.13"]
[White "Paehtz, Elisabeth"]
[Black "Mindlin, Alon"]
[Result "1/2-1/2"]
[WhiteTitle "IM"]
[WhiteElo "2477"]
[BlackElo "2259"]
[WhiteFideId "4641833"]
[BlackFideId "2800071"]
[EventDate "2014.10.04"]

1. e4 e5 2. Nf3 Nc6 3. Bb5 a6 4. Ba4 Nf6 5. O-O Be7 6. Re1 b5 7. Bb3 d6 8. c3
O-O 9. h3 Nb8 10. d4 Nbd7 11. Nbd2 Bb7 12. Bc2 Re8 13. a4 Bf8 14. b3 c6 15. Nf1
Qc7 16. Ng3 g6 17. Bg5 h6 18. Be3 Bg7 19. Qd2 Kh7 20. b4 bxa4 21. dxe5 dxe5 22.
Bxa4 a5 23. Bb3 Rf8 24. bxa5 Rxa5 25. Qc2 c5 26. Nd2 Rxa1 27. Rxa1 Nb6 28. Nc4
Nxc4 29. Bxc4 Ne8 30. Rd1 Nd6 31. Bd5 c4 32. Bxb7 Nxb7 33. Rd5 Rd8 34. Qd2 Rd6
35. Rxd6 Qxd6 36. Qxd6 1/2-1/2

[Event "PokerStars IoM Masters 2014"]
[Site "Douglas ENG"]
[Date "2014.10.08"]
[Round "5.14"]
[White "Williams, Simon K"]
[Black "Van Foreest, Jorden"]
[Result "0-1"]
[WhiteTitle "GM"]
[BlackTitle "IM"]
[WhiteElo "2457"]
[BlackElo "2466"]
[WhiteFideId "404454"]
[BlackFideId "1039784"]
[EventDate "2014.10.04"]

1. d4 d5 2. c4 c6 3. cxd5 cxd5 4. Nc3 Nf6 5. f3 Bf5 6. g4 Be6 7. Nh3 h6 8. Nf4
Bc8 9. e4 dxe4 10. fxe4 e5 11. Bb5+ Nc6 12. d5 a6 13. dxc6 Qxd1+ 14. Kxd1 axb5
15. Nfd5 Nxd5 16. Nxd5 Ra4 17. Nc7+ Kd8 18. Nxb5 Bxg4+ 19. Kc2 Rc4+ 20. Kd3 Rxc6
21. Be3 f5 22. Rhg1 g5 23. Nc3 Kd7 24. Rac1 Ke6 25. Na4 Rxc1 26. Rxc1 f4 27. Bb6
Rh7 28. Rc8 Rd7+ 29. Kc3 Be7 30. Rh8 h5 31. Nc5+ Bxc5 32. Bxc5 Rd1 33. Rh6+ Kf7
34. Rh7+ Kg6 35. Rxb7 Rc1+ 36. Kb4 Rxc5 37. Kxc5 f3 38. Rb6+ Kf7 39. Rb7+ Kf6
40. Rb8 Ke7 41. Rb7+ Bd7 42. Rb3 g4 0-1

[Event "PokerStars IoM Masters 2014"]
[Site "Douglas ENG"]
[Date "2014.10.08"]
[Round "5.15"]
[White "Granda Zuniga, Julio E"]
[Black "Ansell, Simon T"]
[Result "0-1"]
[WhiteTitle "GM"]
[BlackTitle "IM"]
[WhiteElo "2674"]
[BlackElo "2370"]
[WhiteFideId "3800024"]
[BlackFideId "402141"]
[EventDate "2014.10.04"]

1. e4 c5 2. b3 Nc6 3. Bb2 e5 4. Bc4 d6 5. Nc3 Nf6 6. Nf3 Be7 7. O-O O-O 8. Re1
a6 9. a4 Kh8 10. h3 Rb8 11. Nh2 Nd4 12. Ng4 b5 13. axb5 axb5 14. Bf1 b4 15. Nxf6
bxc3 16. dxc3 Nxc2 17. Nxh7 Nxe1 18. Nxf8 Bxf8 19. g3 Be6 20. c4 Qb6 21. Bc3
Qxb3 0-1

[Event "PokerStars IoM Masters 2014"]
[Site "Douglas ENG"]
[Date "2014.10.08"]
[Round "5.16"]
[White "Gupta, Abhijeet"]
[Black "Cox, John J"]
[Result "1-0"]
[WhiteTitle "GM"]
[BlackTitle "IM"]
[WhiteElo "2640"]
[BlackElo "2368"]
[WhiteFideId "5010608"]
[BlackFideId "401064"]
[EventDate "2014.10.04"]

1. d4 e6 2. c4 Bb4+ 3. Nd2 b6 4. a3 Bxd2+ 5. Qxd2 Nf6 6. Nf3 O-O 7. e3 Bb7 8.
Be2 d5 9. O-O dxc4 10. Bxc4 Nbd7 11. b4 c5 12. Bb2 Qe7 13. Rfd1 Rfd8 14. Qe2 h6
15. Nd2 e5 16. dxc5 bxc5 17. b5 e4 18. Nb3 Ne5 19. Na5 Bd5 20. Bxd5 Rxd5 21.
Rxd5 Nxd5 22. Qh5 g5 23. Qxh6 f6 24. Rd1 Nd3 25. Qg6+ Kf8 26. Qf5 Rd8 27. Nc6
Qd7 28. Qg6 Qe8 29. Qh6+ Kg8 30. Nxd8 Nxb2 1-0

[Event "PokerStars IoM Masters 2014"]
[Site "Douglas ENG"]
[Date "2014.10.08"]
[Round "5.17"]
[White "Hillarp Persson, Tiger"]
[Black "Haimovich, Tal"]
[Result "1/2-1/2"]
[WhiteTitle "GM"]
[BlackTitle "IM"]
[WhiteElo "2555"]
[BlackElo "2365"]
[WhiteFideId "1700812"]
[BlackFideId "2801698"]
[EventDate "2014.10.04"]

1. d4 Nf6 2. c4 e6 3. Nc3 d5 4. Nf3 Be7 5. Bf4 O-O 6. a3 b6 7. cxd5 exd5 8. g3
Bb7 9. Bg2 Na6 10. O-O c5 11. Rc1 Nc7 12. dxc5 bxc5 13. Qb3 Rb8 14. Rfd1 Bd6 15.
Bxd6 Qxd6 16. Qc2 Qe7 17. Na4 c4 18. Nd4 a6 19. Nf5 Qe5 20. Nc5 Bc8 21. Nd4 Qd6
22. b4 a5 23. Qc3 axb4 24. axb4 Qb6 25. Rb1 Ne6 26. Ncxe6 Bxe6 27. b5 Bd7 28. e3
Rfc8 29. Rb4 Ra8 30. Rdb1 h6 31. h3 Ra2 32. R4b2 Ra4 33. Qc2 Ra3 34. Ra2 Rca8
35. Rxa3 Rxa3 36. Qb2 Ra4 37. Ra1 Rxa1+ 38. Qxa1 Qc5 39. Qa8+ Kh7 40. Qa6 c3 41.
b6 Bf5 42. b7 Nd7 43. Qa1 c2 44. Qc1 Bg6 45. h4 h5 46. Bh3 Nb8 47. Bf5 Bxf5 48.
Nxf5 Nc6 49. Kg2 Qc4 50. Nd4 Nxd4 51. exd4 Qc7 52. b8=Q Qxb8 53. Qxc2+ g6 54.
Qc6 Qd8 55. f3 Kg7 56. Kf2 g5 57. hxg5 Qxg5 58. Qc3 1/2-1/2

[Event "PokerStars IoM Masters 2014"]
[Site "Douglas ENG"]
[Date "2014.10.08"]
[Round "5.18"]
[White "Tate, Alan"]
[Black "Greenfeld, Alon"]
[Result "0-1"]
[WhiteTitle "FM"]
[BlackTitle "GM"]
[WhiteElo "2320"]
[BlackElo "2542"]
[WhiteFideId "2401878"]
[BlackFideId "2800039"]
[EventDate "2014.10.04"]

1. e4 c5 2. Nf3 Nc6 3. d4 cxd4 4. Nxd4 Nf6 5. Nc3 d6 6. Bg5 e6 7. Qd2 Be7 8.
O-O-O a6 9. f3 Nxd4 10. Qxd4 O-O 11. h4 b5 12. Kb1 Bb7 13. Qd2 Rc8 14. Bd3 Nd7
15. Bxe7 Qxe7 16. Be2 Rc6 17. Qg5 f6 18. Qe3 Rfc8 19. Rd4 Nb6 20. Rhd1 Kf8 21.
Qd2 Rxc3 22. bxc3 d5 23. exd5 Bxd5 24. c4 bxc4 25. Qa5 Qc5 26. Qxc5+ Rxc5 27. c3
Ke7 28. Re1 e5 29. Bd1 Be6 30. Rd2 Nd5 31. Kc2 Nf4 32. Kb2 Nd3+ 33. Rxd3 cxd3
34. Bb3 h5 35. Re3 Bf5 36. c4 Rc8 37. Kc3 Rd8 38. Kd2 Rd4 39. g3 Kd6 40. a3 Kc5
41. Ba2 Rd7 42. Re1 Kd4 43. Rb1 g5 44. Rb6 g4 0-1

[Event "PokerStars IoM Masters 2014"]
[Site "Douglas ENG"]
[Date "2014.10.08"]
[Round "5.19"]
[White "Tarjan, James E"]
[Black "Bartell, Thomas"]
[Result "1-0"]
[WhiteTitle "GM"]
[BlackTitle "IM"]
[WhiteElo "2525"]
[BlackElo "2358"]
[WhiteFideId "2000180"]
[BlackFideId "2017849"]
[EventDate "2014.10.04"]

1. d4 Nf6 2. c4 e6 3. Nf3 Bb4+ 4. Bd2 Qe7 5. g3 Nc6 6. Bg2 Bxd2+ 7. Nbxd2 O-O 8.
O-O d6 9. e4 e5 10. d5 Nb8 11. b4 a5 12. a3 Na6 13. Ne1 Bg4 14. f3 Bd7 15. Nd3
c6 16. dxc6 bxc6 17. Re1 Be6 18. Kh1 Qa7 19. Bf1 Rfb8 20. f4 Bg4 21. Qc2 axb4
22. axb4 Qd4 23. Bg2 h5 24. Nb3 Qb6 25. Qc3 h4 26. gxh4 exf4 27. e5 f3 28. exf6
fxg2+ 29. Kxg2 Nc7 30. Qd4 Qxd4 31. Nxd4 Rxa1 32. Rxa1 c5 33. Nc6 Re8 34. bxc5
dxc5 35. Nxc5 gxf6 36. Kg3 f5 37. Ra7 Ne6 38. Re7 Rxe7 39. Nxe7+ Kf8 40. Nxe6+
fxe6 41. Ng6+ Kg7 42. Ne5 Be2 43. c5 Kh6 44. c6 Kh5 45. c7 Ba6 46. Nf3 Bb7 47.
Ne5 Bc8 48. Nc4 Bb7 49. Nd6 Ba6 50. c8=Q Bxc8 51. Nxc8 1-0

[Event "PokerStars IoM Masters 2014"]
[Site "Douglas ENG"]
[Date "2014.10.08"]
[Round "5.21"]
[White "Smith, Bryan G"]
[Black "Klein, Felix"]
[Result "1-0"]
[WhiteTitle "GM"]
[BlackTitle "FM"]
[WhiteElo "2482"]
[BlackElo "2286"]
[WhiteFideId "2017083"]
[BlackFideId "24600458"]
[EventDate "2014.10.04"]

1. e4 e5 2. Nf3 Nc6 3. Bb5 Nf6 4. d3 Bc5 5. c3 O-O 6. O-O d6 7. h3 Ne7 8. d4
exd4 9. cxd4 Bb6 10. Nc3 d5 11. e5 Ne4 12. Bd3 Bf5 13. Nh4 Nxc3 14. bxc3 Bxd3
15. Qxd3 c5 16. Bg5 Qd7 17. Rae1 cxd4 18. cxd4 Rac8 19. Re3 Rc4 20. Bxe7 Qxe7
21. Nf5 Qe6 22. Rg3 g6 23. Rg4 h5 24. Rg5 Kh8 25. Qg3 Rg8 26. Qf3 Ra8 27. Rd1
Bd8 28. Rxh5+ gxh5 29. Qxh5+ Kg8 30. Rd3 Bh4 31. Nxh4 Rac8 32. Nf5 Rc1+ 33. Kh2
R1c3 34. Rxc3 Rxc3 35. Qg5+ Kf8 36. Qd8+ Qe8 37. Qf6 1-0

[Event "PokerStars IoM Masters 2014"]
[Site "Douglas ENG"]
[Date "2014.10.08"]
[Round "5.22"]
[White "Veinberg, Nimrod"]
[Black "Givon, Asaf"]
[Result "0-1"]
[BlackTitle "IM"]
[WhiteElo "2289"]
[BlackElo "2431"]
[WhiteFideId "2810280"]
[BlackFideId "2801841"]
[EventDate "2014.10.04"]

1. d4 Nf6 2. c4 g6 3. Nc3 d5 4. cxd5 Nxd5 5. e4 Nxc3 6. bxc3 c5 7. Bb5+ Nd7 8.
Nf3 Bg7 9. O-O O-O 10. Be3 Nf6 11. Bd3 cxd4 12. cxd4 Ng4 13. Bg5 Bxd4 14. Nxd4
Qxd4 15. Qe2 Ne5 16. Bc2 Qc5 17. Be3 Qc6 18. Bd4 Nc4 19. f4 Rd8 20. Rad1 Na3 21.
Bb3 Be6 22. Rc1 Qb5 23. Qb2 Nc4 24. Qa1 f6 25. f5 Bf7 26. fxg6 hxg6 27. Bxf6
exf6 28. Qxf6 Rd7 29. Qxf7+ Rxf7 30. Bxc4 Qc5+ 31. Kh1 Qxc4 0-1

[Event "PokerStars IoM Masters 2014"]
[Site "Douglas ENG"]
[Date "2014.10.08"]
[Round "5.23"]
[White "Duncan, Chris R"]
[Black "Ferguson, Mark"]
[Result "1/2-1/2"]
[WhiteTitle "FM"]
[BlackTitle "IM"]
[WhiteElo "2319"]
[BlackElo "2414"]
[WhiteFideId "403091"]
[BlackFideId "403547"]
[EventDate "2014.10.04"]

1. d4 d5 2. c4 c6 3. Nf3 Nf6 4. e3 Bf5 5. Nc3 e6 6. Nh4 Bg6 7. Be2 Nbd7 8. O-O
Ne4 9. g3 Nd6 10. b3 Nf5 11. Ng2 Nf6 12. Bb2 Bd6 13. f3 Ne7 14. Qd2 O-O 15. Rad1
Qb8 16. Nh4 Rd8 17. a3 dxc4 18. bxc4 e5 19. Kg2 exd4 20. exd4 Nf5 21. Nxf5 Bxf5
22. Bd3 Qc8 23. Rfe1 Qd7 24. Qc2 Bxd3 25. Qxd3 Re8 26. Ne4 Nxe4 27. fxe4 Rad8
28. Qf3 Bf8 29. e5 b5 30. cxb5 Rb8 31. a4 cxb5 32. axb5 Rxb5 33. Ba3 Bxa3 34.
Qxa3 Qd5+ 35. Kg1 Reb8 36. Qe3 Rb2 37. Qe4 Qxe4 38. Rxe4 Ra2 39. d5 Rbb2 40. d6
Rg2+ 41. Kh1 Rxh2+ 42. Kg1 Kf8 43. Rb4 Rag2+ 1/2-1/2

[Event "PokerStars IoM Masters 2014"]
[Site "Douglas ENG"]
[Date "2014.10.08"]
[Round "5.24"]
[White "Kolbus, Dietmar"]
[Black "Reshef, Omer"]
[Result "1-0"]
[WhiteTitle "IM"]
[BlackTitle "FM"]
[WhiteElo "2316"]
[BlackElo "2397"]
[WhiteFideId "4610628"]
[BlackFideId "2804336"]
[EventDate "2014.10.04"]

1. e4 e5 2. Nf3 Nc6 3. Bb5 a6 4. Bxc6 dxc6 5. O-O f6 6. d4 exd4 7. Nxd4 c5 8.
Ne2 Qxd1 9. Rxd1 Bd7 10. Nbc3 Bd6 11. Bf4 Bxf4 12. Nxf4 Ne7 13. Nfd5 Nxd5 14.
Rxd5 b6 15. Rd2 O-O-O 16. Rad1 Bc6 17. Rxd8+ Rxd8 18. Rxd8+ Kxd8 19. f3 b5 20.
Nb1 Be8 21. Nd2 Kd7 22. Kf2 Bf7 23. c4 Kc6 24. Ke3 b4 25. h4 Kd6 26. f4 Be8 27.
g4 h6 28. Nf3 Bf7 29. e5+ fxe5 30. Nxe5 Be6 31. Ke4 a5 32. f5 Bc8 33. g5 Bb7+
34. Kf4 hxg5+ 35. hxg5 Ke7 36. Nf3 a4 37. a3 Ba8 38. Nd2 Bg2 39. Ke5 bxa3 40.
bxa3 Bh3 41. Ne4 Bf1 42. Nxc5 Bxc4 43. Nxa4 Bf1 44. Nc5 Bg2 45. a4 Bf3 46. a5
Bg2 47. Ne6 1-0

[Event "PokerStars IoM Masters 2014"]
[Site "Douglas ENG"]
[Date "2014.10.08"]
[Round "5.25"]
[White "Jedynak, Radoslaw"]
[Black "Afek, Yochanan"]
[Result "1-0"]
[WhiteTitle "GM"]
[BlackTitle "IM"]
[WhiteElo "2453"]
[BlackElo "2287"]
[WhiteFideId "1109243"]
[BlackFideId "2800462"]
[EventDate "2014.10.04"]

1. d4 Nf6 2. c4 c5 3. d5 b5 4. cxb5 a6 5. b6 d6 6. Nc3 g6 7. Nf3 Bg7 8. Nd2 Nbd7
9. e4 O-O 10. a4 a5 11. Bb5 Nxb6 12. Bc6 Rb8 13. O-O e6 14. Nb3 exd5 15. exd5
Nc4 16. Nb5 Bb7 17. Bxb7 Rxb7 18. Qc2 Nb6 19. Nxa5 Rd7 20. Bg5 Nbxd5 21. Nc4 h6
22. Bd2 Re8 23. Rfd1 Ng4 24. h3 Nxf2 25. Kxf2 Qh4+ 26. Kf1 Re4 27. Qd3 Nf6 28.
Nbxd6 Nh5 29. Be1 Qf6+ 30. Kg1 Rd4 31. Qf3 Rf4 32. Qd3 Rd4 33. Qf1 Rf4 34. Bf2
Ng3 35. Bxg3 Rxf1+ 36. Rxf1 Qg5 37. Kh2 Re7 38. a5 Re2 39. a6 Qd5 40. Rf2 Rxf2
41. Bxf2 Be5+ 42. Nxe5 Qxe5+ 43. Bg3 Qxb2 44. Ra5 Qb4 45. Nc4 1-0

[Event "PokerStars IoM Masters 2014"]
[Site "Douglas ENG"]
[Date "2014.10.08"]
[Round "5.26"]
[White "Skripchenko, Almira"]
[Black "House, Glenn L"]
[Result "1-0"]
[WhiteTitle "IM"]
[BlackTitle "FM"]
[WhiteElo "2429"]
[BlackElo "2209"]
[WhiteFideId "13900145"]
[BlackFideId "406228"]
[EventDate "2014.10.04"]

1. e4 c5 2. b3 b6 3. Bb2 Bb7 4. Nc3 e6 5. Qf3 Nc6 6. O-O-O Nd4 7. Qg3 Nf6 8. f3
Qb8 9. e5 Nh5 10. Qg5 g6 11. Nb5 Be7 12. Qe3 Nxb5 13. Bxb5 a6 14. Bd3 Qc7 15. g4
Ng7 16. Ne2 h5 17. h3 O-O-O 18. Rhf1 Rh7 19. Be4 d5 20. exd6 Bxd6 21. Kb1 Rd7
22. d4 c4 23. bxc4 Qxc4 24. Bd3 Qa4 25. c4 hxg4 26. hxg4 Ne8 27. Bc2 Qa5 28. Nc1
Rh2 29. Nb3 Qa4 30. Rc1 Qc6 31. c5 Rxc2 32. Rxc2 Be7 33. d5 Rxd5 34. cxb6 1-0

[Event "PokerStars IoM Masters 2014"]
[Site "Douglas ENG"]
[Date "2014.10.08"]
[Round "5.27"]
[White "Nakar, Eylon"]
[Black "Boelhouwer, Collin"]
[Result "1-0"]
[WhiteTitle "IM"]
[WhiteElo "2424"]
[BlackElo "2106"]
[WhiteFideId "2811111"]
[BlackFideId "1013300"]
[EventDate "2014.10.04"]

1. d4 Nf6 2. c4 g6 3. Nc3 Bg7 4. e4 d6 5. f3 O-O 6. Be3 Nc6 7. Nge2 a6 8. Qd2
Na5 9. Ng3 b5 10. Bh6 Nxc4 11. Bxc4 bxc4 12. h4 e5 13. d5 Bxh6 14. Qxh6 Nd7 15.
h5 g5 16. Nf5 Qf6 17. Qxf6 Nxf6 18. Ne3 g4 19. Rc1 h6 20. Kf2 Kh7 21. Ne2 Rb8
22. Nxc4 Ne8 23. b3 f5 24. exf5 gxf3 25. gxf3 Bxf5 26. Ne3 Bd7 27. Rh4 Rf7 28.
Ng3 Rf4 29. Rc4 Rf7 30. Ne4 Bb5 31. Rc3 Ng7 32. a4 Be8 33. Ng4 Rb4 34. Ngf6+ Kh8
35. Nxe8 Nxe8 36. Nxd6 Rxh4 37. Nxf7+ Kg7 38. Nxe5 Rxh5 39. f4 Kf6 40. Re3 Nd6
41. Ng4+ Kf5 42. Kg3 Rh1 43. Re5+ Kg6 44. Re6+ Kf7 45. Kg2 Rb1 46. Ne5+ Kg7 47.
Re7+ Kf6 48. Rxc7 Rb2+ 49. Kf1 Kf5 50. Nc4 Rb1+ 51. Ke2 Ne4 52. Rf7+ Kg4 53. d6
Nxd6 54. Nxd6 Rxb3 55. f5 Rb6 56. Nc4 Rb4 57. Ne3+ Kg5 58. Rg7+ Kh5 59. a5 Rb5
60. f6 Rxa5 61. f7 Rf5 62. Nxf5 1-0

[Event "PokerStars IoM Masters 2014"]
[Site "Douglas ENG"]
[Date "2014.10.08"]
[Round "5.28"]
[White "Peek, Marcel"]
[Black "Allen, Keith"]
[Result "1/2-1/2"]
[WhiteTitle "IM"]
[WhiteElo "2359"]
[BlackElo "2197"]
[WhiteFideId "1000462"]
[BlackFideId "2501147"]
[EventDate "2014.10.04"]

1. d4 d5 2. c4 e6 3. Nf3 Nf6 4. Nc3 Be7 5. Bg5 O-O 6. e3 h6 7. Bxf6 Bxf6 8. Qd2
Nc6 9. Rc1 a6 10. h3 Re8 11. Be2 dxc4 12. Bxc4 e5 13. d5 e4 14. Nxe4 Rxe4 15.
dxc6 Qxd2+ 16. Nxd2 Re7 17. Bd5 bxc6 18. Bxc6 Bxb2 19. Bxa8 Bxc1 20. Ke2 Ba3 21.
Rb1 Bd7 22. Be4 Bb5+ 23. Bd3 c6 24. Rb3 Bd6 25. a4 Bxa4 26. Rb6 Ra7 27. Rxa6
Rxa6 28. Bxa6 Kf8 29. Bc4 Ke7 30. Bb3 Bb5+ 31. Bc4 Bb4 32. Bxb5 cxb5 33. Nb3 Kd6
34. Nd4 Kc5 35. Kd3 Be1 36. f3 g6 37. g4 Bf2 38. Nb3+ Kb4 39. Nd2 Ka3 40. Nb1+
Kb3 41. Nc3 b4 42. Ne4 Bg1 43. Nd2+ Ka3 44. Kc2 g5 45. e4 Ka2 46. Nb3 Bb6 47.
Nd2 Be3 48. Nb3 Ka3 49. Na5 Ka4 50. Nb3 Kb5 51. Kd3 Bf2 52. Nc1 Be1 53. Nb3 Bc3
54. Nc1 Kc5 55. Nb3+ Kd6 56. Nc1 Bb2 57. Nb3 Ke5 58. Ke3 f6 59. Na5 Bc1+ 60. Ke2
Kf4 61. Kf2 Be3+ 62. Ke2 Bb6 63. Nc4 Bd4 64. Nd2 Kg3 65. Nb3 Bb6 66. Nd2 Kxh3
67. Nb3 Kh4 68. Kd3 Kg3 69. Ke2 Bg1 70. Nd2 Bd4 71. Nb3 Bc3 72. Ke3 Be5 73. Ke2
Kh4 74. Kf2 h5 75. gxh5 Kxh5 76. Ke2 Kh4 77. Kf2 Kh3 78. Ke2 Kg3 79. Nc1 1/2-1/2

[Event "PokerStars IoM Masters 2014"]
[Site "Douglas ENG"]
[Date "2014.10.08"]
[Round "5.29"]
[White "Mannion, Stephen R"]
[Black "Gutkind, Kedem"]
[Result "1-0"]
[WhiteTitle "IM"]
[WhiteElo "2347"]
[BlackElo "1993"]
[WhiteFideId "2400111"]
[BlackFideId "1046519"]
[EventDate "2014.10.04"]

1. e4 e6 2. d4 d5 3. Nd2 Nf6 4. e5 Nfd7 5. c3 c5 6. f4 Nc6 7. Ndf3 Qb6 8. a3 Be7
9. h4 cxd4 10. cxd4 Na5 11. Ne2 Nb3 12. Rb1 Nb8 13. Nc3 Nc6 14. Be3 Bd7 15. Kf2
Nca5 16. Bd3 O-O-O 17. Bc2 f6 18. g3 Kb8 19. h5 Rc8 20. h6 g6 21. exf6 Bxf6 22.
Re1 Be7 23. Ne5 Be8 24. Kg2 Bf8 25. Ng4 Be7 26. Ne2 Ba4 27. Nc3 Be8 28. Bf2 Bxa3
29. bxa3 Rxc3 30. Re3 Rxe3 31. Bxe3 Ba4 32. Bd2 Nc4 33. Bb4 Nxd4 34. Bxa4 Nf5
35. Kh3 Nce3 36. Nxe3 Qxe3 37. Rb3 Qe4 38. Qe1 Qxe1 39. Bxe1 Rd8 40. g4 Nxh6 41.
Re3 Rd6 42. Bb4 Rb6 43. Bc5 Rb1 44. Rxe6 b5 45. Bc2 Rc1 46. Re2 Nf7 47. Bd4 Nd8
48. Bb2 Rg1 49. Bb3 Kc7 50. Bxd5 Kd6 51. Rd2 1-0

[Event "PokerStars IoM Masters 2014"]
[Site "Douglas ENG"]
[Date "2014.10.08"]
[Round "5.30"]
[White "Bakalchuk, Johnatan"]
[Black "Hansen, Victor"]
[Result "0-1"]
[WhiteTitle "FM"]
[WhiteElo "2317"]
[BlackElo "2113"]
[WhiteFideId "2810301"]
[BlackFideId "1502638"]
[EventDate "2014.10.04"]

1. e4 c6 2. d4 d5 3. exd5 cxd5 4. c4 Nf6 5. Nc3 e6 6. c5 Be7 7. Qc2 O-O 8. Nf3
b6 9. b4 Nc6 10. a3 e5 11. dxe5 Ng4 12. Bf4 f6 13. Nxd5 fxe5 14. Nxe7+ Qxe7 15.
Bc4+ Kh8 16. Bg5 Qe8 17. h3 Nd4 18. Nxd4 exd4+ 19. Qe2 Qg6 20. hxg4 Qxg5 21. Qe4
h6 22. Qxa8 Qe5+ 23. Be2 d3 24. O-O dxe2 25. Rfe1 Qd4 26. Rxe2 Qxa1+ 27. Kh2
bxc5 28. bxc5 Qxa3 29. Qd5 Qa6 30. Re7 Qf6 31. Rxa7 Qh4+ 32. Kg1 Qxf2+ 33. Kh2
Qh4+ 34. Kg1 Re8 35. Qb3 Qxg4 36. c6 Qd4+ 0-1

[Event "PokerStars IoM Masters 2014"]
[Site "Douglas ENG"]
[Date "2014.10.08"]
[Round "5.31"]
[White "Fabri, Henrik"]
[Black "Efroimski, Marsel"]
[Result "1-0"]
[BlackTitle "WIM"]
[WhiteElo "1948"]
[BlackElo "2316"]
[WhiteFideId "403270"]
[BlackFideId "2810964"]
[EventDate "2014.10.04"]

1. Nf3 d5 2. d4 c6 3. c4 dxc4 4. e3 b5 5. a4 e6 6. b3 cxb3 7. axb5 Qb6 8. Qxb3
Nf6 9. Nc3 Bb7 10. Bc4 Nbd7 11. O-O Be7 12. Ba3 Qd8 13. Rfd1 Rb8 14. Ne5 cxb5
15. Bxe6 O-O 16. Nxf7 Rxf7 17. Bxf7+ Kh8 18. Bxe7 Qxe7 19. Rxa7 b4 20. Ne2 Ng4
21. h3 Ngf6 22. Qe6 Qf8 23. Qb3 Qe7 24. Nf4 Nf8 25. Rb1 Rd8 26. Qxb4 Qxf7 27.
Rxb7 N8d7 28. Qb3 Qe7 29. Qe6 Qa3 30. Rxd7 Nxd7 31. Qxd7 Rg8 32. Rb7 Qc3 33. Kh2
Qe1 34. Kg3 Qa5 35. Qg4 Qa8 36. Ng6+ 1-0